[Event "XX чемпионат ПФО по шах"]
[Site "Набережные Челн�"]
[Date "2022.03.28"]
[Round "9.3"]
[White "Nasyrova, Ekaterina"]
[Black "Nagaeva, Aliia"]
[Result "1-0"]
[WhiteElo "2109"]
[BlackElo "1680"]
[PlyCount "71"]
[EventDate "2022.03.20"]

1. d4 Nf6 2. Nf3 g6 3. Nc3 d5 4. Bf4 Bg7 5. e3 O-O 6. Nb5 Na6 7. h3 c6 8. Nc3
Qb6 9. Rb1 c5 10. Be2 cxd4 11. exd4 Nb4 12. a3 Nc6 13. O-O Be6 14. Na4 Qd8 15.
Nc5 Bc8 16. c3 b6 17. Nd3 Bb7 18. b4 Rc8 19. Qb3 Ne4 20. Rfc1 h6 21. a4 Ba6 22.
Qd1 Bc4 23. Qe1 e6 24. Bf1 g5 25. Bh2 Qe8 26. Nfe5 Bxd3 27. Bxd3 Nxe5 28. dxe5
Qc6 29. c4 f5 30. f3 dxc4 31. fxe4 Qd7 32. Bc2 Qd4+ 33. Qf2 Qxf2+ 34. Kxf2 f4
35. Kf3 Bxe5 36. Rd1 1-0

[Event "XX чемпионат ПФО по шах"]
[Site "Набережные Челн�"]
[Date "2022.03.28"]
[Round "9.4"]
[White "Testova, Nika"]
[Black "Matveeva, Olga"]
[Result "0-1"]
[WhiteElo "1674"]
[BlackElo "2171"]
[PlyCount "88"]
[EventDate "2022.03.20"]

1. e4 e6 2. d4 d5 3. Nc3 Nf6 4. e5 Nfd7 5. f4 c5 6. Nf3 Nc6 7. Be3 a6 8. Ne2
Qb6 9. Qc1 Be7 10. c3 O-O 11. h4 f6 12. h5 cxd4 13. Nexd4 Nxd4 14. cxd4 fxe5
15. fxe5 Bb4+ 16. Kf2 Rf7 17. Bd3 Nf8 18. h6 g6 19. a3 Be7 20. Qd2 Bd7 21. Rac1
Bb5 22. Bb1 a5 23. Rc3 a4 24. Kg1 Bc4 25. Rh3 Qd8 26. Rg3 b5 27. Rc1 Qa5 28.
Qc2 b4 29. axb4 Qxb4 30. Bg5 a3 31. bxa3 Rxa3 32. Bd2 Qb6 33. Bc3 Bd8 34. Rg4
Qb3 35. Qxb3 Rxb3 36. Ba2 Rxc3 37. Rxc3 Bxa2 38. Rc8 Be7 39. Rg3 Rf4 40. Nh2
Rxd4 41. Rf3 Rc4 42. Ra8 Bb1 43. g4 Be4 44. Rf4 Bc5+ 0-1

[Event "XX чемпионат ПФО по шах"]
[Site "Набережные Челн�"]
[Date "2022.03.28"]
[Round "9.5"]
[White "Nosacheva, Mariya"]
[Black "Kuznetsova, Polina"]
[Result "1/2-1/2"]
[WhiteElo "2244"]
[BlackElo "1835"]
[PlyCount "82"]
[EventDate "2022.03.20"]

1. e4 e6 2. d4 d5 3. Nc3 Nf6 4. Bg5 Bb4 5. exd5 Qxd5 6. Bxf6 gxf6 7. Qd2 Bxc3
8. Qxc3 Nc6 9. Nf3 Rg8 10. a3 Bd7 11. O-O-O O-O-O 12. g3 Ne7 13. Bc4 Qh5 14.
Rhe1 Bc6 15. Nh4 Nf5 16. Nxf5 Qxf5 17. f4 h5 18. h4 Bd5 19. Re3 Bxc4 20. Qxc4
Rxg3 21. Rxg3 Qxf4+ 22. Kb1 Qxg3 23. Qc5 Qf3 24. Re1 b6 25. Qe7 Rxd4 26. Qxf7
Rd1+ 27. Rxd1 Qxd1+ 28. Ka2 Qd5+ 29. Kb1 Qh1+ 30. Ka2 Qxh4 31. Qxe6+ Kb7 32.
Qd5+ Ka6 33. b4 Qg5 34. Qc6 Qe5 35. Kb3 Qb5 36. Qxc7 Qd5+ 37. c4 Qf3+ 38. Kb2
Qe2+ 39. Kb3 Qd3+ 40. Kb2 Qd2+ 41. Kb3 Qd1+ 1/2-1/2

[Event "XX чемпионат ПФО по шах"]
[Site "Набережные Челн�"]
[Date "2022.03.28"]
[Round "9.6"]
[White "Vysotskaya, Anastasiya"]
[Black "Maltseva, Aleksandra"]
[Result "1-0"]
[WhiteElo "2210"]
[BlackElo "1498"]
[PlyCount "53"]
[EventDate "2022.03.20"]

1. Nf3 Nf6 2. c4 b6 3. g3 Bb7 4. Bg2 e6 5. O-O d5 6. cxd5 Nxd5 7. Nc3 Be7 8.
Re1 O-O 9. e4 Nb4 10. d4 c5 11. d5 exd5 12. exd5 Bf6 13. Ne5 N8a6 14. a3 Bxe5
15. Rxe5 Qf6 16. Bf4 Rfd8 17. axb4 Nxb4 18. Qe2 h6 19. Re7 Ba6 20. Rxa6 Nxa6
21. d6 Nb4 22. Bxa8 Rxa8 23. Re8+ Rxe8 24. Qxe8+ Kh7 25. d7 Nc6 26. Qe4+ g6 27.
Qxc6 1-0

[Event "XX чемпионат ПФО по шах"]
[Site "Набережные Челн�"]
[Date "2022.03.28"]
[Round "9.7"]
[White "Sautina, Elizaveta"]
[Black "Iljushina, Olga"]
[Result "0-1"]
[WhiteElo "1629"]
[BlackElo "2054"]
[PlyCount "84"]
[EventDate "2022.03.20"]

1. d4 d5 2. c4 e6 3. Nc3 c6 4. e4 dxe4 5. Nxe4 Nf6 6. Nxf6+ Qxf6 7. Nf3 Bb4+ 8.
Bd2 Bxd2+ 9. Qxd2 O-O 10. Bd3 c5 11. O-O cxd4 12. Nxd4 Rd8 13. Nf3 Nc6 14. Rad1
e5 15. Ng5 Rxd3 16. Qxd3 Qxg5 17. f4 exf4 18. Qd5 h6 19. Qe4 Bf5 20. Qxf4 Qxf4
21. Rxf4 Be6 22. a3 a5 23. c5 Kf8 24. Kf2 Ke7 25. g3 a4 26. Rd6 Ra5 27. Rd2 g5
28. Re4 f5 29. Re3 Rxc5 30. h4 Ne5 31. Re1 Nc4 32. Rde2 Rc6 33. hxg5 hxg5 34.
Rh1 Rb6 35. Rh7+ Kd6 36. Rg7 g4 37. Ke1 Rxb2 38. Rxb2 Nxb2 39. Rxb7 Bb3 40. Rb5
Ke6 41. Kd2 Nc4+ 42. Kd3 Nxa3 0-1

[Event "XX чемпионат ПФО по шах"]
[Site "Набережные Челн�"]
[Date "2022.03.28"]
[Round "9.8"]
[White "Kalashnikova, Elena"]
[Black "Kulkova, Dina"]
[Result "1/2-1/2"]
[WhiteElo "1659"]
[BlackElo "1501"]
[PlyCount "91"]
[EventDate "2022.03.20"]

1. d4 Nf6 2. c4 e6 3. g3 d5 4. Bg2 Be7 5. Nf3 O-O 6. O-O c6 7. Qc2 Nbd7 8. Nbd2
b6 9. Rd1 Bb7 10. e4 dxe4 11. Nxe4 Nxe4 12. Qxe4 Nf6 13. Qc2 Rc8 14. Ne5 b5 15.
b3 Qb6 16. g4 Rfd8 17. g5 Nd7 18. c5 Qc7 19. Ng4 Nf8 20. Ne5 Ng6 21. Nxg6 hxg6
22. f4 b4 23. Be3 a5 24. Qe2 Rd7 25. h4 Re8 26. Kf2 f6 27. Qg4 f5 28. Qe2 Kf7
29. h5 Rdd8 30. Rh1 Rh8 31. Rh3 gxh5 32. Rxh5 g6 33. Rhh1 Qc8 34. Bf3 Ba6 35.
Qb2 Rdg8 36. a3 Rxh1 37. Rxh1 Rh8 38. Qa1 Bb7 39. axb4 axb4 40. d5 Rxh1 41.
Qxh1 cxd5 42. Qh7+ Kf8 43. Qxg6 Bxc5 44. Qf6+ Kg8 45. Qg6+ Kf8 46. Qf6+ 1/2-1/2

[Event "XX чемпионат ПФО по шах"]
[Site "Набережные Челн�"]
[Date "2022.03.28"]
[Round "9.9"]
[White "Aminova, Zarina"]
[Black "Tabermakova, Leila"]
[Result "1/2-1/2"]
[WhiteElo "1393"]
[BlackElo "1591"]
[PlyCount "58"]
[EventDate "2022.03.20"]

1. d4 Nf6 2. c4 g6 3. Nc3 d5 4. Nf3 Bg7 5. Bg5 Ne4 6. Bf4 Nxc3 7. bxc3 c5 8.
cxd5 Qxd5 9. e3 Nc6 10. Bd3 Bg4 11. Rb1 O-O 12. h3 Bxf3 13. Qxf3 Qd7 14. Bb5 a6
15. Bxc6 bxc6 16. O-O cxd4 17. cxd4 Rac8 18. Rfc1 Qf5 19. Rb6 Qa5 20. Rcxc6
Rxc6 21. Qxc6 Qe1+ 22. Kh2 Qxf2 23. Rxa6 Bxd4 24. Qe4 Bf6 25. Bh6 Rd8 26. a4
Qb2 27. Ra8 Qe5+ 28. Kh1 Qa1+ 29. Kh2 Qe5+ 1/2-1/2

[Event "XX чемпионат ПФО по шах"]
[Site "Набережные Челн�"]
[Date "2022.03.28"]
[Round "9.10"]
[White "Maltseva, Elizaveta"]
[Black "Miftakhova, Azalia"]
[Result "0-1"]
[WhiteElo "1547"]
[BlackElo "1638"]
[PlyCount "50"]
[EventDate "2022.03.20"]

1. f4 Nf6 2. e3 g6 3. b3 Bg7 4. Bb2 c5 5. Nf3 O-O 6. Be2 Nc6 7. O-O d6 8. d3 e5
9. Nc3 exf4 10. exf4 Ng4 11. Qc1 Re8 12. Re1 Nd4 13. Ne4 d5 14. Nxd4 dxe4 15.
Nb5 exd3 16. cxd3 Bxb2 17. Qxb2 Qh4 18. h3 Qf2+ 19. Kh1 Ne3 20. Rg1 Nf5 21. Nc7
Rxe2 22. Qc3 Qxf4 23. Rge1 Ng3+ 24. Kg1 Qf2+ 25. Kh2 Qxg2# 0-1

[Event "XX чемпионат ПФО по шах"]
[Site "Набережные Челн�"]
[Date "2022.03.28"]
[Round "9.11"]
[White "Yakimova, Mariya"]
[Black "Ivanova, Arina"]
[Result "1-0"]
[WhiteElo "2198"]
[BlackElo "1660"]
[PlyCount "61"]
[EventDate "2022.03.20"]

1. d4 d5 2. c4 e6 3. Nf3 a6 4. g3 dxc4 5. a4 b6 6. Bg2 Bb7 7. Nc3 Nf6 8. O-O
Bb4 9. Qc2 Nc6 10. Rd1 O-O 11. e4 Na5 12. e5 Nd5 13. Ng5 g6 14. Nce4 Nb3 15.
Rb1 Nxc1 16. Qxc1 b5 17. Nf6+ Nxf6 18. Bxb7 Ra7 19. Bc6 Nd5 20. Ne4 Ne7 21.
axb5 Nxc6 22. bxc6 Be7 23. Qxc4 Qa8 24. d5 exd5 25. Rxd5 Rb8 26. Rd7 Rb4 27.
Nf6+ Kg7 28. Qc3 Bf8 29. e6 Kh6 30. Rxf7 Bg7 31. Qxb4 1-0

[Event "XX чемпионат ПФО по шах"]
[Site "Набережные Челн�"]
[Date "2022.03.28"]
[Round "9.12"]
[White "Puzyreva, Veronika"]
[Black "Stakina, Melissa"]
[Result "1/2-1/2"]
[WhiteElo "1475"]
[BlackElo "1526"]
[PlyCount "97"]
[EventDate "2022.03.20"]

1. Nf3 c5 2. e3 Nc6 3. c4 Nf6 4. Nc3 g6 5. b3 Bg7 6. Bb2 O-O 7. Be2 d5 8. d4
cxd4 9. exd4 Bf5 10. O-O Rc8 11. a3 a5 12. Re1 Re8 13. Ne5 dxc4 14. Nxc6 Rxc6
15. bxc4 Ne4 16. Nxe4 Bxe4 17. c5 Rc8 18. Bg4 Bf5 19. Bxf5 gxf5 20. Re3 Qd5 21.
Qe1 Rc6 22. Rb1 Rg6 23. Rg3 f4 24. Rxg6 hxg6 25. Bc3 Bxd4 26. Bxd4 Qxd4 27.
Qxa5 e5 28. h3 e4 29. Qb4 Qe5 30. Qxb7 e3 31. fxe3 fxe3 32. Qf3 Qxc5 33. Re1
Qxa3 34. Rf1 Qa7 35. Qe2 Qd4 36. Rd1 Qf4 37. Rf1 Qe5 38. Qf3 f5 39. Qc6 Kg7 40.
Qc4 g5 41. Qc6 f4 42. Rb1 Re7 43. Rb6 e2 44. Qg6+ Kh8 45. Qh6+ Kg8 46. Qg6+ Rg7
47. Qe6+ Qxe6 48. Rxe6 Kf7 49. Rxe2 1/2-1/2

[Event "XX чемпионат ПФО по шах"]
[Site "Набережные Челн�"]
[Date "2022.03.28"]
[Round "9.13"]
[White "Sosnina, Nadezhda"]
[Black "Galieva, Alina"]
[Result "1-0"]
[WhiteElo "1623"]
[BlackElo "1272"]
[PlyCount "71"]
[EventDate "2022.03.20"]

1. e4 c5 2. Nf3 Nc6 3. Bb5 g6 4. Bxc6 bxc6 5. O-O Bg7 6. d3 d5 7. Nbd2 Nf6 8.
Re1 e6 9. e5 Nd7 10. Nf1 O-O 11. Bg5 f6 12. exf6 Bxf6 13. Bxf6 Qxf6 14. Qe2 e5
15. c4 Ba6 16. Ne3 e4 17. dxe4 dxe4 18. Ng4 Qf4 19. Qxe4 Bxc4 20. Nh6+ Qxh6 21.
Qxc4+ Kh8 22. Re7 Rxf3 23. Rxd7 Rf5 24. Qc3+ Kg8 25. Re1 Rf7 26. Rxf7 Kxf7 27.
Qc4+ Kg7 28. Qxc5 Qd2 29. Re7+ Kh6 30. h3 Rd8 31. Qxa7 Qd1+ 32. Kh2 Qd6+ 33. g3
Qd2 34. Rxh7+ Kg5 35. Qe7+ Kf5 36. Rf7# 1-0

[Event "XX чемпионат ПФО по шах"]
[Site "Набережные Челн�"]
[Date "2022.03.28"]
[Round "9.14"]
[White "Sirotkina, Elizaveta"]
[Black "Kayumova, Karina"]
[Result "1-0"]
[WhiteElo "1269"]
[BlackElo "1290"]
[PlyCount "61"]
[EventDate "2022.03.20"]

1. d4 Nf6 2. Bf4 d5 3. Nf3 c5 4. e3 Nc6 5. Be2 Qb6 6. Nc3 a6 7. O-O e6 8. Na4
Qa5 9. Nxc5 Bxc5 10. dxc5 Qxc5 11. c3 O-O 12. Ne5 Nxe5 13. Bxe5 Nd7 14. Bd4 Qd6
15. c4 dxc4 16. Bxc4 b5 17. Bd3 Ne5 18. Bxh7+ Kxh7 19. Qh5+ Kg8 20. Bxe5 Qd5
21. Rad1 Qxa2 22. Bxg7 Kxg7 23. Qg5+ Kh7 24. Rd4 Qc4 25. Rxc4 bxc4 26. Qh4+ Kg7
27. Qxc4 Bb7 28. Rd1 Bd5 29. Qg4+ Kf6 30. Qh4+ Kg6 31. e4 1-0

[Event "XX чемпионат ПФО по шах"]
[Site "Набережные Челн�"]
[Date "2022.03.28"]
[Round "9.15"]
[White "Nigmatullina, Dina"]
[Black "Yusupova, Zhizel"]
[Result "1-0"]
[WhiteElo "1501"]
[BlackElo "1368"]
[PlyCount "97"]
[EventDate "2022.03.20"]

1. d4 f5 2. Nf3 Nf6 3. g3 e6 4. Bg2 d5 5. c4 c6 6. O-O Bd6 7. b3 Qe7 8. a4 b6
9. Ba3 Bb7 10. Bxd6 Qxd6 11. Nc3 a5 12. Rc1 Na6 13. e3 O-O 14. Ne2 Rac8 15. Nf4
Ne4 16. Ne5 Nb4 17. Bxe4 fxe4 18. Qg4 Rf5 19. h4 Rcf8 20. c5 bxc5 21. Rxc5 Rxe5
22. dxe5 Qxc5 23. Nxe6 Qe7 24. Nxf8 Qxf8 25. Qd7 Bc8 26. Qd6 Qxd6 27. exd6 Nd3
28. f3 exf3 29. Rxf3 Nc5 30. Rf2 Ne4 31. Rb2 Nxd6 32. b4 Nc4 33. Rb3 axb4 34.
Rxb4 Kf7 35. Kf2 Ke6 36. e4 Kd6 37. exd5 Kxd5 38. Rb8 Bf5 39. Rb7 Kc5 40. Rxg7
Kb4 41. g4 Bd3 42. Rd7 Bc2 43. Rc7 Na5 44. g5 Kxa4 45. h5 Kb4 46. Rxh7 Bxh7 47.
g6 Bg8 48. h6 c5 49. h7 1-0

[Event "XX чемпионат ПФО по шах"]
[Site "Набережные Челн�"]
[Date "2022.03.28"]
[Round "9.16"]
[White "Ivanaeva, Alina"]
[Black "Fefelova, Ekaterina"]
[Result "1/2-1/2"]
[WhiteElo "1871"]
[BlackElo "1379"]
[PlyCount "76"]
[EventDate "2022.03.20"]

1. e4 e6 2. d4 d5 3. Nd2 Be7 4. e5 c5 5. c3 Nc6 6. Qg4 Kf8 7. Nb3 cxd4 8. cxd4
a5 9. Bd2 a4 10. Nc1 h5 11. Qf4 g5 12. Qe3 Nh6 13. Bc3 Nf5 14. Qd2 Bd7 15. Nce2
b5 16. a3 Qb6 17. Rd1 Na5 18. Bb4 Qd8 19. Nc1 Kg7 20. Nh3 g4 21. Nf4 Bxb4 22.
axb4 Nc6 23. Bxb5 Ncxd4 24. Bxd7 Qxd7 25. O-O Qe7 26. Ncd3 Qg5 27. Ne2 Qxd2 28.
Rxd2 Nb3 29. Rc2 Rhc8 30. Rc3 d4 31. Rxc8 Rxc8 32. Nec1 Na1 33. Nc5 Nc2 34.
N1d3 Rb8 35. Nxa4 Nxb4 36. Nac5 Nxd3 37. Nxd3 Rb3 38. Rd1 Ne7 1/2-1/2

[Event "XX чемпионат ПФО по шах"]
[Site "Набережные Челн�"]
[Date "2022.03.28"]
[Round "9.17"]
[White "Chekina, Anastasiia"]
[Black "Chepovetskaya, Sofya"]
[Result "0-1"]
[WhiteElo "1452"]
[BlackElo "1369"]
[PlyCount "93"]
[EventDate "2022.03.20"]

1. e4 e6 2. d3 b5 3. Nd2 Bb7 4. Ngf3 d6 5. g3 Nf6 6. Bg2 c5 7. O-O Qc7 8. Re1
Nbd7 9. a3 Be7 10. h4 O-O 11. Nf1 Rac8 12. Bf4 c4 13. Rc1 cxd3 14. cxd3 Qb6 15.
Qd2 Nc5 16. Be3 Qa6 17. Nd4 Ng4 18. Nh2 Nxe3 19. Qxe3 Bf6 20. Nhf3 Qa4 21. b4
Nb3 22. Nxb3 Qxb3 23. Qxa7 Rxc1 24. Rxc1 Ba8 25. Qa6 Qxd3 26. Rc8 Bxe4 27. Ne1
Qe2 28. Rxf8+ Kxf8 29. Qc8+ Ke7 30. Qc7+ Ke8 31. Kh2 Qxe1 32. Qb8+ Bd8 33.
Qxb5+ Ke7 34. Bxe4 Qxe4 35. Qg5+ Kd7 36. Qxg7 Qf5 37. Qd4 Bc7 38. a4 Qe5 39.
Qd3 Qb2 40. Qb5+ Ke7 41. Kg2 Qd2 42. Kg1 Qd1+ 43. Kh2 Qd5 44. Qe2 Qd4 45. Qe1
d5 46. a5 Qxh4+ 47. Kg1 0-1

[Event "XX чемпионат ПФО по шах"]
[Site "Набережные Челн�"]
[Date "2022.03.28"]
[Round "9.18"]
[White "Mokeeva, Zlata"]
[Black "Tazetdinova, Adelya"]
[Result "1/2-1/2"]
[WhiteElo "1265"]
[BlackElo "1490"]
[PlyCount "60"]
[EventDate "2022.03.20"]

1. e4 c5 2. Nf3 e6 3. d4 cxd4 4. Nxd4 a6 5. Nc3 Qc7 6. Bd3 Nc6 7. Nxc6 dxc6 8.
O-O Nf6 9. Qe2 b5 10. a4 b4 11. Nd1 Bb7 12. Ne3 Bd6 13. h3 h5 14. Nc4 Bc5 15.
Be3 Be7 16. Bd4 Nd7 17. f4 f6 18. b3 a5 19. e5 f5 20. Rae1 c5 21. Nd6+ Kf8 22.
Nxb7 Qxb7 23. Bf2 Nb6 24. Bc4 Kf7 25. Rd1 g6 26. Rd2 Rag8 27. h4 Qc7 28. Rfd1
Rd8 29. Kh2 Rhg8 30. Kg1 Rh8 1/2-1/2

[Event "XX чемпионат ПФО по шах"]
[Site "Набережные Челн�"]
[Date "2022.03.28"]
[Round "9.19"]
[White "Mullina, Almira"]
[Black "Kanter, Elizaveta"]
[Result "1/2-1/2"]
[WhiteElo "1304"]
[BlackElo "1272"]
[PlyCount "104"]
[EventDate "2022.03.20"]

1. d4 d5 2. c4 e6 3. Nf3 a6 4. Qc2 dxc4 5. Qxc4 b5 6. Qd3 Bb7 7. Nc3 Nf6 8. Bg5
Be7 9. a3 h6 10. Bh4 c5 11. Rd1 g5 12. Bg3 b4 13. axb4 cxb4 14. Nb1 Be4 15. Qc4
Nbd7 16. Nbd2 Nb6 17. Qc7 Qxc7 18. Bxc7 Nbd5 19. Be5 Bc2 20. Rc1 b3 21. e4 Nb4
22. Bc4 g4 23. Ng1 O-O 24. Ke2 Rfc8 25. f3 Nd3 26. Ra1 Nxb2 27. Bxb3 Bxb3 28.
Nxb3 Rc2+ 29. Kf1 Nd3 30. Bg3 Nh5 31. Ne2 gxf3 32. gxf3 Nxg3+ 33. hxg3 Kg7 34.
Rh5 Rb8 35. Rb1 Bd8 36. d5 exd5 37. Rxd5 Nc5 38. Nd2 Rxb1+ 39. Nxb1 Ne6 40. f4
Bb6 41. Nbc3 a5 42. Na4 Bc7 43. Nec3 Kf6 44. Rd7 Bb8 45. Rb7 Bxf4 46. gxf4 Nxf4
47. Rb5 Kg6 48. Rxa5 h5 49. Rf5 Ne6 50. Ne2 Rc4 51. Nac3 Rxe4 52. Nxe4 Kxf5
1/2-1/2

[Event "XX чемпионат ПФО по шах"]
[Site "Набережные Челн�"]
[Date "2022.03.28"]
[Round "9.20"]
[White "Korotaeva, Polina"]
[Black "Guseinova, Vusala"]
[Result "1-0"]
[WhiteElo "1196"]
[BlackElo "1211"]
[PlyCount "43"]
[EventDate "2022.03.20"]

1. e4 c5 2. Nf3 Nc6 3. Bb5 d6 4. O-O g6 5. c3 Bg7 6. h3 Nf6 7. Re1 O-O 8. d4
cxd4 9. cxd4 Bd7 10. Nc3 a6 11. Bc4 b5 12. Bb3 Qb6 13. Be3 Na5 14. e5 Ne8 15.
Nd5 Qd8 16. Bg5 Qb8 17. Bxe7 Nxb3 18. axb3 Be6 19. Nf4 dxe5 20. Nxe6 fxe6 21.
Bxf8 Kxf8 22. dxe5 1-0